Indian Cricket Captains (ODI) - Statistics

General Stats
  • This quiz has been taken 63 times
    48 since last reset
  • The average score is 17 of 27
Answer Stats
Year Matches Answer % Correct
2007–2018 200 Mahendra Singh Dhoni
100%
2013–2021 95 Virat Kohli
100%
1982-1992 74 Kapil Dev
98%
1996–1999 73 Sachin Tendulkar
93%
1999–2005 146 Sourav Ganguly
90%
2017–present 26 Rohit Sharma
88%
2000–2007 79 Rahul Dravid
86%
1980-1985 37 Sunil Gavaskar
86%
2023-2023 1 Hardik Pandya
76%
2022-2022 7 KL Rahul
74%
1989–1999 174 Mohammad Azharuddin
74%
2010-2010 12 Suresh Raina
74%
2003–2011 12 Virender Sehwag
74%
2001-2001 1 Anil Kumble
67%
2010-2011 6 Gautam Gambhir
67%
2021-2022 12 Shikhar Dhawan
64%
2015-2015 3 Ajinkya Rahane
50%
1984-1984 1 Mohinder Amarnath
45%
1998–1999 13 Ajay Jadeja
43%
1989-1989 13 Krishnamachari Srikkanth
43%
1986-1991 11 Ravi Shastri
40%
1975-1978 4 Bishan Singh Bedi
36%
1980-1980 1 Gundappa Viswanath
33%
1987-1988 18 Dilip Vengsarkar
31%
1975-1979 7 Srinivasaraghavan Venkataraghavan
24%
1983-1983 1 Syed Kirmani
17%
1974-1974 2 Ajit Wadekar
12%
No matching quizzes found
Score Distribution
Percent of People with Each Score
Percentile by Number Answered
Your Score History
You have not taken this quiz since the last reset